000 00351nam a22001217a 4500
082 _a342.06
_bBAJ
100 _aBajwa, Muhammad Nadim Akhtar
245 _aPrinciples of Administrative Law /
_cMuhammad Nadim Akhtar Bajwa
260 _aLahore:
_bCivil & Criminal Law Publications,
_cN.A.
300 _a202 p.
563 _aHB.
942 _2ddc
_cBK
999 _c614072
_d614072